| 000 | 01092nam a22002777a 4500 | ||
|---|---|---|---|
| 005 | 20140903175011.0 | ||
| 008 | 131212s2011 ck frn 000 0dspa c | ||
| 020 | _a9789584224972 | ||
| 040 |
_aCO-BoUCM _bspa _cAngélica Rojas _dDiana Londoño |
||
| 041 | 0 | 0 | _aspa |
| 100 | 1 |
_aRueda, María Isabel _952884 |
|
| 245 | 1 | 0 |
_aCasi toda la verdad _bperiodismo y poder. _cMaría Isabel Rueda |
| 250 | _a5a ed | ||
| 260 |
_aBogotá (Colombia) _bEditorial Planeta _c2011 |
||
| 300 | _a272 páginas | ||
| 490 | 0 | _aColección Premio de Periodismo | |
| 500 | _aConversaciones con los cinco grandes de mi generación sobre los acontecimientos que han estremecido a Colombia en los últimos 25 años | ||
| 586 | _aPremio de periodismo Planeta, 2010 | ||
| 600 | 1 | 4 |
_aGómez Hurtado, Álvaro _d1919-1995 _xCrítica e interpretación _952885 |
| 650 | 7 |
_aPeriodismo como profesión _921343 |
|
| 650 | 7 |
_aPeriodismo político _921356 |
|
| 650 | 7 |
_aPeriodistas colombianos _921368 |
|
| 690 | _aPeriodismo | ||
| 942 |
_a24 _cLIBRO _e5 _mR918p _2DEWEY _h079.861 |
||
| 999 |
_c183623 _d183623 |
||